Hospitality management: A brief introduction (Record no. 16109)

MARC details
000 -LEADER
fixed length control field 00474nam a2200169Ia 4500
008 - FIXED-LENGTH DATA ELEMENTS--GENERAL INFORMATION
fixed length control field 230917s9999||||xx |||||||||||||| ||und||
020 ## - ISBN
Price GBP24.99
040 ## - CATALOGING SOURCE
-- 228506
Original cataloging agency VIVEKANANDA LIBRARY
041 ## - Language
-- English
082 ## - DDC NUMBER
Classification number 647.94068 W85H
100 ## - MAIN ENTRY--PERSONAL NAME
Personal name Wood, Roy C
245 #0 - TITLE STATEMENT
Title Hospitality management: A brief introduction
260 ## - PUBLICATION, DISTRIBUTION, ETC. (IMPRINT)
Place of publication, distribution, etc Los Angeles
Name of publisher, distributor, etc Sage Publications
Date of publication, distribution, etc 2015
300 ## - PHYSICAL DESCRIPTION
Pages xii, 191 p.
500 ## - GENERAL NOTE
General note 2124 24/09/2015 APD15/1021918 24/09/2015 IHTM (SFS)
942 ## - ADDED ENTRY ELEMENTS (KOHA)
Koha item type Books
Holdings
Withdrawn status Lost status Damaged status Not for loan Location (home branch) Sublocation or collection (holding branch) Shelving location Date acquired Koha issues (times borrowed) Koha full call number Accession No. Koha date last seen Koha item type
        VIVEKANANDA LIBRARY VIVEKANANDA LIBRARY IHTM Library 06/01/2016 1 647.94068 W85H 343924 30/04/2024 Books
© Designed and Maintained by Vivekananda Library, MDU Rohtak